| 000 | 00932cam a22002895a 4500 | ||
|---|---|---|---|
| 001 | 010455924 | ||
| 005 | 20201128021426.0 | ||
| 008 | 020115s2001 enka frb 001 0 eng d | ||
| 020 | _a0415192641 | ||
| 020 | _a041519265X (pbk.) | ||
| 020 | _a9780415192651 | ||
| 040 |
_aStDuBDS _dUk _dEG-ScBUE _beng |
||
| 082 | 0 | 4 |
_a155 _222 _bSUG |
| 100 | 1 |
_aSugarman, LeÌonie, _d1950- _939200 |
|
| 245 | 1 | 0 |
_aLife-span development : _bframeworks, accounts and strategies / _cLeonie Sugarman. |
| 250 | _a2nd ed. | ||
| 260 |
_aHove ; _aNew York : _bPsychology Press / Taylor & Francis Group, _c2001. |
||
| 300 |
_axii, 243 p. : _bill. ; _c24 cm. |
||
| 500 | _aPrevious ed.: 1991. | ||
| 500 | _aIndex : p. 237-243. | ||
| 504 | _aBibliography : p. 219-236. | ||
| 650 | 7 |
_aDevelopmental psychology. _2BUEsh _9952 |
|
| 650 | 7 |
_aLife cycle, Human. _2BUEsh _936156 |
|
| 651 | _2BUEsh | ||
| 653 |
_bNNUR _cJuly2015 _cJanuary2016 |
||
| 942 | _2ddc | ||
| 999 |
_c20314 _d20286 |
||